ბათუმის შოთა რუსთაველის სახელმწიფო უნივერსიტეტის ბიბლიოთეკა

ვერა ბარდაველიძე : (ბიბ.ჩანაწერი № 38304)

000 -ლიდერი
ფიქსირებული სიგრძის საკონტროლო ველი 01121nam a2200253Ia 4500
001 - საკონტროლო ნომერი
საკონტროლო ველი 4314
003 - საკონტროლო ნომრის იდენტიფიკატორი
საკონტროლო ველი GE_BSU
005 - ბოლო ოპერაციის თარიღი და დრო
საკონტროლო ველი 20191007121245.0
008 - ფიქსირებული სიგრძის მონაცემთა ელემენტები - ზოგადი ინფორმაცია
ფიქსირებული სიგრძის საკონტროლო ველი 181216s1988||||ge |||||||||||||| ||geo||
040 ## - კატალოგიზაციის წყარო
Transcribing agency GE_BSU
041 ## - ენის კოდი
Language code of text/sound track or separate title geo
080 ## - უნივერსალური ათობითი კლასიფიკაციის ინდექსი
Universal Decimal Classification number 39(479.22)(092) ო–91
100 ## - მთავარი ჩანაწერი - პიროვნების სახელი
Personal name ოჩიაური, თინათინ
9 (RLIN) 4572
245 ## - ცნობა სათაურის შესახებ
Title ვერა ბარდაველიძე :
Remainder of title ცხოვრება და მოღვაწეობა /
Statement of responsibility, etc რედ. ი. სურგულაძე.
264 ## - წარმოების, გამოცემის, დისტრიბუციის და სხვა ცნობები
გამოცემის, წარმოების, დისტრიბუციის... ადგილი თბ. :
გამოცემის, წარმოების, დისტრიბუციის... სახელწოდება მეცნიერება,
გამოცემის, წარმოების, დისტრიბუციის... თარიღი 1988.
300 ## - ფიზიკური აღწერა
Extent 53 გვ.:
Other physical details ილ.,
Dimensions 21 სმ.
504 ## - BIBLIOGRAPHY, ETC. NOTE
Bibliography, etc ბიბლიოგრ.: გვ.44-51.
520 ## - SUMMARY, ETC.
Summary, etc რეზ. რუს.
653 ## - INDEX TERM--UNCONTROLLED
Uncontrolled term ქართველი ეთნოგრაფები
700 ## - ADDED ENTRY--PERSONAL NAME
Personal name რუხაძე, ჯულიეტა
Relator term რედაქტორი
9 (RLIN) 4287
710 ## - ADDED ENTRY--CORPORATE NAME
Corporate name or jurisdiction name as entry element საქ. სსრ მეცნ. აკად., ისტორიის, არქეოლოგიისა და ეთნოგრაფიის ინ-ტი.
9 (RLIN) 1524
942 ## - ADDED ENTRY ELEMENTS (KOHA)
Koha item type წიგნი
Source of classification or shelving scheme
ეგზემპლარები
ჩამოწერის სტატუსი დაკარგული ეგზემპლარის სტატუსი კლასიფიკაციის წყარო ან თაროზე გაწყობის სქემა დაზიანების სტატუსი არ გაიცემა მუდმივი მდებარეობა (დაცვის ადგილი) ამჟამინდელი ადგილსამყოფელი თაროზე განთავსების ადგილი შეძენის თარიღი ღირებულება, შესყიდვის ნორმალური ფასი სრული შენახვის შიფრი შტრიხკოდი ბოლო ოპერაციის თარიღი ეგზემპლარის მიმდევრობითი ნომერი (კეტერი?) ფასის ძალაში შესვლის თარიღი ეგზემპლარის სახეობა საჯარო შენიშვნა
          ბათუმის შოთა რუსთაველის სახელმწიფო უნივერსიტეტის მთავარი ბიბლიოთეკა ბათუმის შოთა რუსთაველის სახელმწიფო უნივერსიტეტის მთავარი ბიბლიოთეკა წიგნსაცავი 2018-12-17 2.00 39(479.22)(092) ო–91 5903 2018-12-17 5903 2018-12-17 წიგნი 2 ლ.
          ბათუმის შოთა რუსთაველის სახელმწიფო უნივერსიტეტის მთავარი ბიბლიოთეკა ბათუმის შოთა რუსთაველის სახელმწიფო უნივერსიტეტის მთავარი ბიბლიოთეკა წიგნსაცავი 2018-12-17 2.00 39(479.22)(092) ო–91 5904 2018-12-17 5904 2018-12-17 წიგნი 2 ლ.